000 00317nam a22001457a 4500
008 210311b ||||| |||| 00| 0 eng d
020 _a9781587133183
041 _aeng
080 _a004
082 _a004
100 _a28
101 _aSHKI
245 _aRouting and Switching Essentials
_cCNA
942 _2udc
_cBK
999 _c56324
_d56324